Reverse Dictionary #32 - Statistics

General Stats
  • This quiz has been taken 53 times
  • The average score is 19 of 25
Answer Stats
Definition First
Letter
Word % Correct
Having life; living; not dead. A Alive
100%
The cessation of life and all associated processes; the end of an organism's existence as an entity independent from its environment and its return to an inert, nonliving state. D Death
100%
A list containing the food and beverages served at a restaurant, café, or bar. M Menu
100%
The inner and somewhat concave part of the human hand that extends from the wrist to the bases of the fingers. P Palm
100%
A sequence of rhythmic steps or movements usually performed to music, for pleasure or as a form of social interaction. D Dance
98%
An organ in animals that stores food in the process of digestion. S Stomach
98%
To remove the skin or outer covering of. P Peel
96%
The impetus behind all motion and all activity. E Energy
91%
A written acknowledgment that a specified article or sum of money has been received. R Receipt
91%
Immature in thought or behaviour. C Childish
89%
To have real existence. B Be
87%
A common, round fruit produced by the tree Malus domestica, cultivated in temperate climates. A Apple
84%
The foremost side of something or the end that faces the direction it normally moves. F Front
82%
A crosspiece forming a step of a ladder. R Rung
82%
The tales, legends, superstitions, and traditions of a particular ethnic population. F Folklore
71%
To think about something seriously or carefully: to deliberate. C Consider
69%
Subtlety or fine detail. N Nuance
69%
Something that is slightly different from a type or norm. V Variant
67%
The result of determining the value of something or the solution to something by a mathematical process. C Calculation
62%
Form of a used before a vowel sound. A An
60%
The force generated by propulsion, as in a jet engine. T Thrust
58%
One who sees or has personal knowledge of something. W Witness
53%
To grow worse; to be impaired in quality; to degenerate. D Deteriorate
51%
The process of change from one form, state, style or place to another. T Transition
29%
To combine into a single unit; to group together or join. C Consolidate
9%
No matching quizzes found
Score Distribution
Percent of People with Each Score
Percentile by Number Answered
Your Score History
You have not taken this quiz